Statistics for AEW World Trios Champions

Click here to take the quiz!

General Stats

  • This quiz has been taken 278 times
    (10 since last reset)
  • The average score is 12 of 15

Answer Stats

Title ReignsLast HeldChampion% Correct
22023Kenny Omega
100%
22023Matt Jackson
100%
22023Nick Jackson
100%
12022Penta El Zero M
100%
12022Rey Fénix
100%
12023Anthony Bowens
86%
12023Billy Gunn
86%
12023Max Caster
86%
12022Pac
86%
12024Austin Gunn
71%
12023Brody King
71%
12024Colten Gunn
71%
12024Jay White
71%
12023Buddy Matthews
57%
12023Malakai Black
57%

Score Distribution

Percentile by Number Answered

Percent of People with Each Score

Your Score History

You have not taken this quiz since the last reset